Reproducción, herencia y sexualidad /

Guardado en:
Autor Principal: Cook, Stanton A
Formato: Libro
Publicado: México : Herrero hermanos Sucesorres, 1968
Materias:
Etiquetas: Agregar Etiqueta
Sin Etiquetas, Sea el primero en etiquetar este registro!
LEADER 00531nam a22001815a 4500
001 CEM.cems016594
005 20091209153853.0
008 130507s1968##################000#0#####d
003 CEMS
082 0 4 |a 575.1 
100 1 |a Cook, Stanton A 
245 1 0 |a Reproducción, herencia y sexualidad /  |c Stanton A Cook, 
260 |a México :  |b Herrero hermanos Sucesorres,  |c 1968 
300 |a 121 p. 
653 |a Reproducción 
653 |a Herencia 
653 |a Reproducción sexual 
859 |a CEMS  |b BIB. CEMS - Agricultura  |h 575.1  |i C633  |p A18228.95  |t Ej.1